000 00825cam a22002294a 4500
005 20250605164251.0
008 250528s ||||||||||||||||||||||||d
035 _a21732
020 _a9780471266396
040 _aGR-AtMCL
_bgre
_dGR-AtMCL
_eAACR2
245 1 _aSTUDENT SOLUTIONS MANUAL CALCULUS
250 _a1
260 _bWiley,
_c2003
300 _a276
505 0 _aPRECALCULUS REVIEW LIMITS AND CONTINUITY EXPONENTIALS AND LOGARITHMS THE DERIVATIVE USING THE DERIVATIVE INTEGRATION FURTHER APPLICATIONS AND THE INTEGRAL
520 _aPRECALCULUS REVIEW LIMITS AND CONTINUITY EXPONENTIALS AND LOGARITHMS THE DERIVATIVE USING THE DERIVATIVE INTEGRATION FURTHER APPLICATIONS AND THE INTEGRAL
700 1 _aHimonas Alex
_97657
700 1 _aHoward Alan
_97658
942 _cBK
999 _c6791
_d6791